1766 1228 1271 1754 1685 1389 1514 1778 1251 1030 1872 1034 1530 1509 1457 1075 1192 1267 1856 1304 1726 1441 1486 1994 1512 1394 1667 1834 1247 1615 1321 1927 1995 1978 1216 1390 1976 1181 1049 1198 1197 1945 1022 1061 1121 1974 1367 1956 1095 1212 1215 1252 1433 1651 1608 1044 1443 1669 1768 1735 1408 1331 1609 1137 1220 1015 1952 1626 1702 1868 1126 1114 1901 1035 1515 1558 1479 1699 1176 1793 1185 1833 1076 1522 1735 1088 1301 1432 1987 1871 1237 1424 1317 1805 1959 1891 1406 1282 1181 BCNSPRNW ULIB Ver.6.0+V

เปลี่ยนเป็นภาษาไทย

Change to English
 แสดงรายละเอียดบรรณานุกรม
  กลับหน้าหลัก

Brief Record : Get Marc (ISO 2709) : E-mail record : QR code < ปิดหน้าต่าง
LEADER : 00000nam 2200000uu 4500
001    13399128500
003     ULIB
008    230830s2565||||th 000 0 tha d
020 ^  ^a9786161849887 :^c(pbk.)
050 0  ^aPT2665 ^bอ73ม
100 1  ^aเอ็นเด้, มิชาเอ็ล.
245 1  ^aโมโม่ =^bMomo /^cมิชาเอ็ล เอ็นเด้, เขียนและวาดภาพประกอบ ; ชินนรงค์ เนียวกุล, แปลจากภาษาเยอรมัน.
246 3  ^aMomo
250 ^  ^aพิมพ์ครั้งที่ 17.
260 ^  ^aกรุงเทพฯ :^bแพรวเยาวชน,^c2565.
300 ^  ^a282 หน้า :^bภาพประกอบ ;^c19 ซม.
505 2  ^aตอนที่หนึ่ง : โมโม่และเพื่อนๆ --^tตอนที่สอง: ผู้ชายสีเทา --^tตอนที่สาม : ดอกไม้ชั่วโมง.
650 ^  ^aวรรณกรรมแปล.
650 ^  ^aวรรณกรรมสำหรับเด็ก.
700 0  ^aชินนรงค์ เนียวกุล.
945    ^p265^l0^i010263
999    ^aประนอม เกษจรัล
รายการนี้ยังไม่มีแท็ก
คุณยังไม่ได้ล็อกอิน คุณสามารถมีกิจกรรมร่วมกับเว็บไซต์ได้ แต่ต้องล็อกอินก่อน ::
  ล็อกอิน

รายการสื่อสารสนเทศ

ลำดับที่ ประเภท เลขเรียก/บาร์โค้ด สถานที่ สถานะ
1. การศึกษาทั่วไป
การศึกษาทั่วไป
PT2665 อ73ม ฉ.1 
  Barcode: 010263
ห้องสมุดวิทยาเขตสวรรค์ประชารักษ์
►หนังสือทั่วไป
บนชั้น

รายการใกล้เคียง
    ผู้แต่ง [เอ็นเด้, มิชาเอ็ล.]

    หัวเรื่อง [วรรณกรรมแปล.]
    หัวเรื่อง [วรรณกรรมสำหรับเด็ก.]

BibComment


ยังไม่เคยถูกคอมเมนท์

คอมเมนท์ทรัพยากรรายการนี้
  คอมเมนท์: โมโม่ Momo มิช..


 Copyright 2026. Bcnsprnw @Library